Documentos relativos al envio de pasaportes al delegado apostólico y enviado extraordinario monseñor Luis Matera. (Record no. 181360)
[ view plain ]
| 000 -LEADER | |
|---|---|
| campo de control de longitud fija | 00700nam a2200181 i 4500 |
| 001 - NÚMERO DE CONTROL | |
| campo de control | 181360 |
| 003 - IDENTIFICADOR DE NÚMERO DE CONTROL | |
| campo de control | ES-MaACL |
| 005 - FECHA Y HORA DE LA ÚLTIMA TRANSACCIÓN | |
| campo de control | 20230906221336.0 |
| 008 - DATOS DE LONGITUD FIJA--INFORMACIÓN GENERAL | |
| campo de control de longitud fija | 121214s1884 ag |||| | spa d |
| 245 00 - MENCIÓN DEL TÍTULO | |
| Título | Documentos relativos al envio de pasaportes al delegado apostólico y enviado extraordinario monseñor Luis Matera. |
| 260 ## - PUBLICACIÓN, DISTRIBUCIÓN, ETC. | |
| Lugar de publicación, distribución, etc. | Buenos Aires : |
| Nombre del editor, distribuidor, etc. | [s.n.], |
| Fecha de publicación, distribución, etc. | 1884 ( |
| Fabricante | Impr. de Juan A. Alsina) |
| 300 ## - DESCRIPCIÓN FÍSICA | |
| Extensión | 46 p. ; |
| Dimensiones | 23 cm. |
| 500 ## - NOTA GENERAL | |
| Nota general | Publicación oficial. |
| 594 ## - Nota al título y mención de responsabilidad | |
| Nota al título y mención de responsabilidad | Precede al tít.: República Argentina. Ministerio de Relaciones Exteriores. |
| 600 14 - PUNTO DE ACCESO ADICIONAL DE MATERIA--NOMBRE DE PERSONA | |
| Nombre de persona | Matera, Luis. |
| 9 (RLIN) | 151979 |
| 710 1# - ENTRADA AGREGADA--NOMBRE DE ENTIDAD CORPORATIVA | |
| Nombre de entidad corporativa o nombre de jurisdicción como elemento de entrada | Argentina. |
| Unidad subordinada | Ministerio de Relaciones Exteriores. |
| 9 (RLIN) | 151978 |
| 852 ## - LOCALIZACIÓN | |
| Ubicación | ES-MaACL |
| Número de control de estantería | T-454-F-12 |
| Estatus retirado | Estado de pérdida | Estado de daño | No para préstamo | Colección | Biblioteca de origen | Biblioteca actual | Ubicación en estantería | Fecha de adquisición | Fuente de adquisición | Total de préstamos | Signatura topográfica completa | Código de barras | Visto por última vez | Precio de reemplazo | Tipo de ítem Koha |
|---|---|---|---|---|---|---|---|---|---|---|---|---|---|---|---|
| Colección de folletos | Biblioteca del Ateneo de Madrid | Biblioteca del Ateneo de Madrid | Depósito folletos | 14/12/2012 | T-454-F-12 | 1190584 | 23/02/2023 | 23/02/2023 | Folleto |
